Hong Kong 1964

Đã lưu trong:
書目詳細資料
格式: 圖書
語言:Undetermined
出版: Hong Kong Government Press 1965
主題:
標簽: 添加標簽
沒有標簽, 成為第一個標記此記錄!
Thư viện lưu trữ: Trung tâm Học liệu Trường Đại học Cần Thơ
LEADER 00470nam a2200181Ia 4500
001 CTU_90131
008 210402s9999 xx 000 0 und d
082 |a 951.25 
082 |b H769 
245 0 |a Hong Kong 1964 
245 0 |c Hong Kong Government Publications 
260 |a Hong Kong 
260 |b Government Press 
260 |c 1965 
650 |a History 
650 |z Hong kong 
904 |i Nguyên,Hải 
980 |a Trung tâm Học liệu Trường Đại học Cần Thơ